000 002820000a22000970004500
100 1 _aHoop, Raymond de
245 1 0 _aThen Israel bowed himself (Genesis 47.31)
300 _aVol. 28, Núm 4 (2004), Páginas 467-480
773 0 _tJournal for the Study of the Old Testament
942 _cANA
999 _c54913
_d54913